| 000 | 00412nam a2200145Ia 4500 | ||
|---|---|---|---|
| 008 | 240825s9999 xx 000 0 und d | ||
| 020 | _a9789356030732 | ||
| 082 |
_a346.066 _bMIT |
||
| 100 | _aMittal, DP | ||
| 245 | 0 |
_aCorporate Governance Board of Directors, Duties and Functions _c/ Mittal, DP |
|
| 260 |
_bCommercial Law Pub _c2022 |
||
| 300 | _a670 pages | ||
| 650 | _aLaw &Criminology | ||
| 942 | _cENGLISH | ||
| 999 |
_c553104 _d553104 |
||